| 000 | 00429nam a2200157Ia 4500 | ||
|---|---|---|---|
| 008 | 210716s2005 xx 000 0 und d | ||
| 020 | _a812971096X | ||
| 041 | _aeng | ||
| 082 | _a005.1331 LIBJ | ||
| 100 | _aLiberty, Jesse; Horvath, David B. | ||
| 245 |
_aSams teach yourself c++: in 24 hours. _bIn 24 hours. |
||
| 250 | _a4 | ||
| 260 |
_aNew Delhi _bPearson Education _c2005 |
||
| 300 | _axix,503 | ||
| 650 | _aC++ Progamming | ||
| 999 |
_c187580 _d187580 |
||